[Event "?"]
[Site "ICC 2 12 11/19/97, Internet C"]
[Date "1997.??.??"]
[Round "?"]
[White "Brause"]
[Black "Gromka"]
[Result "0-1"]
[WhiteElo "2505"]
[BlackElo "2700"]
[PlyCount "61"]

1. e4 e5 2. Nf3 Nc6 3. Nc3 Nf6 4. Nxe5 Nxe5 5. d4 Nc6 6. d5 Ne5 7. f4 Ng6 8. e5
Ng8 9. d6 cxd6 10. exd6 Qf6 11. Nb5 Kd8 12. Qd2 b6 13. Bc4 Ba6 14. Bd5 Rb8 15.
Nxa7 Qxd6 16. c4 Nf6 17. Bxf7 Qe7+ 18. Kd1 Qxf7 19. Nc6+ Kc8 20. Nxb8 Kxb8 21.
b3 Ne4 22. Qd4 Bb7 23. Rf1 Bc5 24. Qb2 Nh4 25. g4 Qg6 26. Bd2 Qxg4+ 27. Kc2
Nxd2 28. Rfe1 Nhf3 29. h3 Qg3 30. Re2 Nd4+ 31. Qxd4 0-1

[Event "?"]
[Site "ICC 2 12 11/19/97, Internet C"]
[Date "1997.??.??"]
[Round "?"]
[White "Brause"]
[Black "cinema"]
[Result "0-1"]
[WhiteElo "2465"]
[BlackElo "2135"]
[PlyCount "105"]

1. e4 e5 2. Nf3 Nc6 3. Nc3 Nf6 4. Nxe5 Nxe5 5. d4 Ng6 6. e5 Ng8 7. Bc4 Bb4 8.
Qf3 Qe7 9. O-O c6 10. Ne4 f5 11. Ng5 Nh6 12. Qh5 d5 13. exd6 Qf6 14. Qe2+ Kf8
15. Ne6+ Bxe6 16. Qxe6 Qxe6 17. Bxe6 Bxd6 18. Bxh6 gxh6 19. Bxf5 Re8 20. g3 Kf7
21. f4 Kf6 22. Bg4 Rhg8 23. Kh1 Re4 24. d5 cxd5 25. Rad1 Ne7 26. Bf3 Re3 27.
Bxd5 Nxd5 28. Rxd5 Rd8 29. Rfd1 Ke7 30. R1d2 Bc7 31. c4 Rxd5 32. cxd5 Kd6 33.
a3 Ba5 34. b4 Bb6 35. a4 Re4 36. Rb2 Rc4 37. Re2 Rxb4 38. a5 Bc7 39. Re6+ Kxd5
40. Rxh6 Ke4 41. Kg2 Rb2+ 42. Kh3 Bxa5 43. Rxh7 Bc3 44. Kg4 a5 45. Re7+ Kd3 46.
h3 a4 47. Rd7+ Kc2 48. h4 a3 49. Rd8 Rb6 50. Ra8 Ra6 51. Re8 a2 52. Re2+ Bd2
53. Kh3 0-1

[Event "?"]
[Site "ICC 2 12 11/19/97, Internet C"]
[Date "1997.??.??"]
[Round "?"]
[White "Brause"]
[Black "PitufoGloton"]
[Result "1-0"]
[WhiteElo "2465"]
[BlackElo "1945"]
[PlyCount "57"]

1. e4 e5 2. Nf3 Nf6 3. Nc3 Nc6 4. Nxe5 Nxe5 5. d4 Nc6 6. d5 Ne5 7. f4 Ng6 8. e5
Ng8 9. d6 cxd6 10. exd6 Qb6 11. Qe2+ Kd8 12. f5 Nh4 13. Qg4 Nxf5 14. Qxf5 Qxd6
15. Qxf7 Nf6 16. Be2 Qe6 17. Qxe6 dxe6 18. Bf4 Bc5 19. O-O-O+ Ke7 20. Na4 Bb6
21. Nxb6 axb6 22. a3 Bd7 23. Rhe1 Rad8 24. Bc7 Rc8 25. Bxb6 Rc6 26. Bd4 Rhc8
27. Bd3 h6 28. Re2 Nd5 29. Bxg7 1-0

[Event "?"]
[Site "ICC 2 12 11/19/97, Internet C"]
[Date "1997.??.??"]
[Round "?"]
[White "Brause"]
[Black "MeWithMyself"]
[Result "1-0"]
[WhiteElo "2495"]
[BlackElo "2245"]
[PlyCount "30"]

1. e4 e5 2. Nf3 Nc6 3. Nc3 Nf6 4. Nxe5 Nxe5 5. d4 Nc6 6. d5 Nb8 7. e5 Ng8 8. d6
cxd6 9. exd6 Qb6 10. Nb5 Na6 11. Qe2+ Kd8 12. Be3 Qa5+ 13. c3 Nf6 14. Qc4 Bxd6
15. Nxd6 Qe5 1-0

[Event "?"]
[Site "ICC 2 12 11/19/97, Internet C"]
[Date "1997.??.??"]
[Round "?"]
[White "Brause"]
[Black "drstrangemove"]
[Result "1-0"]
[WhiteElo "2460"]
[BlackElo "2000"]
[PlyCount "129"]

1. Nc3 Nf6 2. e4 e5 3. Nf3 Nc6 4. Nxe5 Nxe5 5. d4 Ng6 6. e5 Ng8 7. Bc4 c6 8.
Qf3 d5 9. exd6 Be6 10. Bxe6 fxe6 11. Ne4 Nf6 12. Qb3 Nxe4 13. Qxe6+ Be7 14.
Qxe4 Qxd6 15. a3 O-O 16. Be3 Rae8 17. Qg4 Nf4 18. O-O Nd5 19. Rfe1 Nxe3 20.
fxe3 Bf6 21. c3 c5 22. Rad1 cxd4 23. cxd4 Qd5 24. Rd3 Re4 25. Qd1 Rfe8 26. Qd2
Bg5 27. Qc3 Qe6 28. Kf2 Rf8+ 29. Kg1 Qf7 30. Qd2 Qd5 31. Rc1 Qe6 32. Rcc3 Re8
33. Kf2 Qf6+ 34. Ke2 Rf8 35. Qe1 Re7 36. Kd1 Qf2 37. Qxf2 Rxf2 38. Rd2 Ref7 39.
Rc8+ Rf8 40. Rxf2 Rxc8 41. Kd2 Rf8 42. Rxf8+ Kxf8 43. Kd3 Ke7 44. a4 Kd6 45. b4
Kd5 46. e4+ Ke6 47. g3 Be7 48. b5 Bd6 49. e5 Bc7 50. Ke4 g6 51. d5+ Kf7 52. g4
Bd8 53. Kf4 h6 54. Ke4 Ke7 55. Kf4 Kd7 56. Ke3 Kc7 57. Ke4 Kb6 58. Kd4 Ka5 59.
d6 Kb6 60. e6 Bf6+ 61. Kd5 a6 62. bxa6 bxa6 63. e7 Bxe7 64. dxe7 Kc7 65. e8=Q
1-0

[Event "?"]
[Site "ICC 2 12 11/19/97, Internet C"]
[Date "1997.??.??"]
[Round "?"]
[White "Brause"]
[Black "drstrangemove"]
[Result "1-0"]
[WhiteElo "2465"]
[BlackElo "2000"]
[PlyCount "153"]

1. e4 e5 2. Nf3 Nc6 3. Nc3 Nf6 4. Nxe5 Nxe5 5. d4 Ng6 6. e5 Ng8 7. Bc4 c6 8.
Qf3 d5 9. exd6 Be6 10. Bxe6 fxe6 11. Ne4 Nf6 12. Qb3 Nxe4 13. Qxe6+ Be7 14.
Qxe4 Qxd6 15. a3 O-O 16. O-O Rae8 17. Qd3 b6 18. g3 Bf6 19. Be3 Re7 20. a4 Rfe8
21. a5 b5 22. Rfd1 Re4 23. c3 Qd5 24. Rac1 Bg5 25. Bxg5 Qxg5 26. Qb1 Re2 27.
Rc2 Qf6 28. Qa2+ Qf7 29. Qxf7+ Kxf7 30. Rxe2 Rxe2 31. d5 c5 32. d6 Ke8 33. Rd5
Re5 34. Rd2 Kd7 35. f4 Rf5 36. b3 Rf6 37. Rd5 Rxd6 38. Rxc5 a6 39. Rg5 Rc6 40.
f5 Ne5 41. Rxg7+ Ke8 42. Rxh7 Rxc3 43. Ra7 Rxb3 44. Rxa6 Kf7 45. Rh6 b4 46. Rb6
Nc4 47. Rb5 Nd6 48. Rd5 Ke7 49. g4 Ra3 50. Rd4 b3 51. Rb4 Nc4 52. Rxc4 b2 53.
Re4+ Kf7 54. Rb4 Ra1+ 55. Kf2 b1=Q 56. Rxb1 Rxb1 57. h4 Ra1 58. Ke3 Rxa5 59.
Kf4 Kf6 60. g5+ Kg7 61. h5 Ra4+ 62. Ke5 Ra6 63. f6+ Kh7 64. g6+ Kh6 65. f7 Kg7
66. h6+ Kf8 67. h7 Rxg6 68. h8=Q+ Kxf7 69. Qh7+ Rg7 70. Qh5+ Ke7 71. Qh4+ Kf7
72. Qd8 Rg6 73. Kf5 Rh6 74. Qd7+ Kf8 75. Kg5 Rh8 76. Kg6 Rg8+ 77. Kf6 1-0

[Event "?"]
[Site "ICC 2 12 11/19/97, Internet C"]
[Date "1997.??.??"]
[Round "?"]
[White "Brause"]
[Black "xypher"]
[Result "1-0"]
[WhiteElo "2470"]
[BlackElo "2440"]
[PlyCount "63"]

1. Nc3 Nf6 2. e4 e5 3. Nf3 Nc6 4. Nxe5 Nxe5 5. d4 Ng6 6. e5 Ng8 7. Bc4 d6 8.
Qf3 Qd7 9. O-O dxe5 10. dxe5 Nxe5 11. Re1 Bd6 12. Bf4 f6 13. Bb5 c6 14. Rad1
Qe6 15. Qg3 Kf8 16. Bxe5 Bxe5 17. f4 cxb5 18. fxe5 Qb6+ 19. Re3 Bf5 20. Rd6 Qc5
21. Rd5 Qc7 22. Nxb5 Qxc2 23. exf6 Nxf6 24. Nd4 Qb1+ 25. Re1 Qxe1+ 26. Qxe1
Nxd5 27. Nxf5 Kf7 28. Qe5 Rhd8 29. Qxg7+ Ke6 30. Nd4+ Kd6 31. Qxb7 Rab8 32.
Qxh7 1-0

[Event "?"]
[Site "ICC 2 12 11/19/97, Internet C"]
[Date "1997.??.??"]
[Round "?"]
[White "Brause"]
[Black "xypher"]
[Result "1-0"]
[WhiteElo "2485"]
[BlackElo "2425"]
[PlyCount "24"]

1. e4 e5 2. Nf3 Nc6 3. Nc3 Nf6 4. Nxe5 Nxe5 5. d4 Nc6 6. d5 Ne5 7. f4 Ng6 8. e5
Ng8 9. d6 a6 10. h4 h5 11. Nd5 cxd6 12. Be3 Nxf4 1-0

[Event "?"]
[Site "ICC 2 12 11/19/97, Internet C"]
[Date "1997.??.??"]
[Round "?"]
[White "Brause"]
[Black "Osvaldo"]
[Result "1-0"]
[WhiteElo "2415"]
[BlackElo "2440"]
[PlyCount "107"]

1. Nc3 Nf6 2. e4 e5 3. Nf3 Nc6 4. Nxe5 Nxe5 5. d4 Nc6 6. d5 Ne5 7. f4 Ng6 8. e5
Ng8 9. d6 cxd6 10. exd6 Qh4+ 11. g3 Qf6 12. Nb5 Rb8 13. Be3 b6 14. Bd4 Qe6+ 15.
Be2 Kd8 16. Qd3 Ba6 17. f5 Bxb5 18. Qxb5 Qxd6 19. O-O-O Qc7 20. fxg6 hxg6 21.
Be5 d6 22. Bxd6 Bxd6 23. Qe5 Ne7 24. Rxd6+ Ke8 25. Qxg7 Qxd6 26. Qxh8+ Kd7 27.
Qh4 Qe5 28. Qa4+ Kc7 29. Qxa7+ Rb7 30. Qa6 Kb8 31. Qd3 Qe6 32. Rd1 Nc8 33. Bf3
Re7 34. Qd5 Qxd5 35. Bxd5 Nd6 36. Rd4 f5 37. Kd2 Kc7 38. a4 g5 39. h4 Rg7 40.
c4 Kd7 41. b4 f4 42. hxg5 fxg3 43. Rg4 Nf5 44. Be4 Ke6 45. g6 Rd7+ 46. Kc3 Nd6
47. Bd3 Kf6 48. Rxg3 Nb7 49. Rf3+ Kg7 50. Rh3 Re7 51. Rh5 Nd6 52. Rh7+ Kf6 53.
Rxe7 Kxe7 54. c5 1-0

[Event "?"]
[Site "ICC 2 12 11/19/97, Internet C"]
[Date "1997.??.??"]
[Round "?"]
[White "Brause"]
[Black "mishah"]
[Result "1-0"]
[WhiteElo "2435"]
[BlackElo "1925"]
[PlyCount "42"]

1. Nc3 Nc6 2. e4 e5 3. Nf3 Nf6 4. Nxe5 Nxe5 5. d4 Ng6 6. e5 Ng8 7. Bc4 d6 8.
Qf3 Be6 9. Qxb7 Bxc4 10. Qc6+ Ke7 11. exd6+ cxd6 12. Qxc4 Nf6 13. O-O Ke8 14.
Qc6+ Nd7 15. Nb5 Rc8 16. Qe4+ Qe7 17. Nxd6+ Kd8 18. Qxe7+ Bxe7 19. Nxf7+ Ke8
20. Nxh8 Nxh8 21. c3 Ng6 1-0

[Event "?"]
[Site "ICC 2 12 11/19/97, Internet C"]
[Date "1997.??.??"]
[Round "?"]
[White "Brause"]
[Black "mishah"]
[Result "1-0"]
[WhiteElo "2440"]
[BlackElo "1920"]
[PlyCount "61"]

1. Nc3 Nf6 2. e4 e5 3. Nf3 Nc6 4. Nxe5 Nxe5 5. d4 Ng6 6. e5 Ng8 7. Bc4 c6 8.
Qf3 Qe7 9. O-O b5 10. Nxb5 cxb5 11. Qxa8 bxc4 12. Qxc8+ Qd8 13. Qxc4 N8e7 14.
Bg5 Qb6 15. Be3 Nf5 16. Qc8+ Qd8 17. Qxd8+ Kxd8 18. Rae1 Nxe3 19. Rxe3 Nf4 20.
g3 Nd5 21. Rf3 f6 22. Re1 Be7 23. e6 dxe6 24. Rxe6 Kd7 25. Ra6 Ra8 26. c4 Nb4
27. Ra5 Nc6 28. Rb5 Kc7 29. Rfb3 Rb8 30. Rxb8 Nxd4 31. R8b7+ 1-0

[Event "?"]
[Site "ICC 2 12 11/19/97, Internet C"]
[Date "1997.??.??"]
[Round "?"]
[White "Brause"]
[Black "mishah"]
[Result "1-0"]
[WhiteElo "2440"]
[BlackElo "1920"]
[PlyCount "109"]

1. e4 e5 2. Nf3 Nc6 3. Nc3 Nf6 4. Nxe5 Nxe5 5. d4 Ng6 6. e5 Ng8 7. Bc4 c6 8.
Qf3 Qe7 9. O-O f6 10. Ne4 fxe5 11. Bg5 Nf6 12. Nxf6+ gxf6 13. Bxf6 Qb4 14. Bb3
d5 15. c3 Qd6 16. dxe5 Qe6 17. Bxh8 Nxh8 18. Qh5+ Qf7 19. Qxf7+ Nxf7 20. Bc2 h6
21. Rfe1 Bc5 22. Kf1 b6 23. Bd3 a5 24. f4 Ba6 25. Bxa6 Rxa6 26. g4 b5 27. h4
Be7 28. h5 Bh4 29. Re3 Ra7 30. Ke2 Bd8 31. Kd3 Bb6 32. Rf3 Re7 33. a4 bxa4 34.
Rxa4 c5 35. Kd2 d4 36. Ra1 Kd7 37. b3 dxc3+ 38. Kxc3 Kc6 39. Ra4 Nd8 40. Kd3
Ne6 41. Ke4 Nd4 42. Rg3 Rg7 43. Ra1 Ne2 44. Re3 Nd4 45. Rg1 Ne6 46. Rc3 Nd4 47.
Rd3 Ne2 48. Rd6+ Kb5 49. Rg2 Nd4 50. Rxh6 Nxb3 51. g5 a4 52. Rxb6+ Kxb6 53. h6
Rg8 54. g6 a3 55. h7 1-0

[Event "?"]
[Site "ICC 2 12 11/28/97, Internet C"]
[Date "1997.??.??"]
[Round "?"]
[White "Brause"]
[Black "is888"]
[Result "1-0"]
[WhiteElo "2470"]
[BlackElo "2175"]
[PlyCount "49"]

1. Nc3 Nf6 2. e4 e5 3. Nf3 Nc6 4. Nxe5 Nxe5 5. d4 Nc6 6. d5 Ne7 7. e5 Nfxd5 8.
Nxd5 Nxd5 9. Qxd5 Be7 10. Be3 O-O 11. O-O-O Qe8 12. Bd3 d6 13. Qe4 g6 14. Bh6
Bf5 15. Qxb7 Rb8 16. Qxa7 dxe5 17. Bxf5 gxf5 18. Bxf8 Bg5+ 19. Kb1 Qxf8 20.
Qxc7 Qb4 21. Qxe5 Bh6 22. a3 Qb7 23. Rd7 Qb6 24. Rd6 Qc7 25. Rg6+ 1-0

[Event "?"]
[Site "ICC 2 12 11/28/97, Internet C"]
[Date "1997.??.??"]
[Round "?"]
[White "Brause"]
[Black "mishah"]
[Result "1-0"]
[WhiteElo "2470"]
[BlackElo "1960"]
[PlyCount "46"]

1. Nc3 Nc6 2. e4 e5 3. Nf3 Nf6 4. Nxe5 Nxe5 5. d4 Ng6 6. e5 Ng8 7. Bc4 d5 8.
Bxd5 c6 9. Bb3 Be6 10. O-O Be7 11. Ne4 Qd7 12. Qd3 O-O-O 13. Be3 Kb8 14. Ba4
Bd5 15. Nc3 Bb4 16. Nxd5 Qxd5 17. Bb3 Qd7 18. Qc4 Ba5 19. Qxf7 Qxf7 20. Bxf7
N8e7 21. c3 Nh4 22. Bg5 Rdf8 23. Bxe7 Rxf7 1-0

[Event "?"]
[Site "ICC 2 12 11/28/97, Internet C"]
[Date "1997.??.??"]
[Round "?"]
[White "Brause"]
[Black "mishah"]
[Result "1/2-1/2"]
[WhiteElo "2475"]
[BlackElo "1960"]
[PlyCount "74"]

1. Nc3 Nf6 2. e4 e5 3. Nf3 Nc6 4. Nxe5 Nxe5 5. d4 Ng6 6. e5 Ng8 7. Bc4 d5 8.
Bxd5 c6 9. Bb3 Be6 10. O-O Qd7 11. Bxe6 fxe6 12. Bg5 Be7 13. Bxe7 Qxe7 14. Ne4
O-O-O 15. Nd6+ Kb8 16. g3 Nh6 17. Qf3 Rhf8 18. Qc3 Nf5 19. Nxf5 Rxf5 20. Rad1
Qg5 21. b4 Qg4 22. f3 Qg5 23. Rfe1 Nh4 24. Rd3 Rdf8 25. Ree3 Ng6 26. Kh1 Ne7
27. f4 Qg4 28. Qc5 Nd5 29. Qd6+ Ka8 30. Rf3 Qg6 31. Ra3 Qf7 32. Rxa7+ Kxa7 33.
Ra3+ Kb6 34. Qc5+ Kc7 35. Qd6+ Kb6 36. Qc5+ Kc7 37. Qd6+ Kb6 1/2-1/2

[Event "?"]
[Site "ICC 2 12 11/28/97, Internet C"]
[Date "1997.??.??"]
[Round "?"]
[White "Brause"]
[Black "heman"]
[Result "1-0"]
[WhiteElo "2450"]
[BlackElo "2220"]
[PlyCount "59"]

1. Nc3 Nf6 2. e4 e5 3. Nf3 Nc6 4. Nxe5 Nxe5 5. d4 Ng6 6. e5 Ng8 7. Bc4 d6 8.
Qf3 Qd7 9. O-O dxe5 10. dxe5 Nxe5 11. Re1 Bd6 12. Bf4 f6 13. Bb5 c6 14. Rad1
Qe6 15. Qg3 Kf8 16. Bxe5 Bxe5 17. f4 cxb5 18. fxe5 Qb6+ 19. Re3 Bf5 20. Rd6 Qc5
21. Rd5 Qc8 22. Qf4 Ne7 23. exf6 Nxd5 24. Nxd5 Qxc2 25. Qd6+ Kg8 26. f7+ Kxf7
27. Re7+ Kg8 28. Rxg7+ Kxg7 29. Qf6+ Kg8 30. Ne7# 1-0

[Event "?"]
[Site "ICC 2 12 11/29/97, Internet C"]
[Date "1997.??.??"]
[Round "?"]
[White "Brause"]
[Black "SHACH1"]
[Result "1-0"]
[WhiteElo "2525"]
[BlackElo "2570"]
[PlyCount "49"]

1. Nc3 Nf6 2. e4 e5 3. Nf3 Nc6 4. Nxe5 Nxe5 5. d4 Ng6 6. e5 Ng8 7. Bc4 d6 8.
Qf3 Qd7 9. O-O dxe5 10. dxe5 Nxe5 11. Re1 Bd6 12. Bf4 f6 13. Bb5 c6 14. Rad1
Qe6 15. Qg3 Kf8 16. Bxe5 Bxe5 17. f4 cxb5 18. fxe5 Qb6+ 19. Re3 Bf5 20. Rd6 Qc5
21. Rd5 Qc8 22. Qf4 Ne7 23. exf6 Nxd5 24. Nxd5 Qd7 25. fxg7+ 1-0

[Event "?"]
[Site "ICC 2 12 11/29/97, Internet C"]
[Date "1997.??.??"]
[Round "?"]
[White "Brause"]
[Black "cross"]
[Result "1-0"]
[WhiteElo "2515"]
[BlackElo "1920"]
[PlyCount "35"]

1. Nc3 Nf6 2. e4 e5 3. Nf3 Nc6 4. Nxe5 Nxe5 5. d4 Nc6 6. d5 Ne5 7. f4 Ng6 8. e5
Ng8 9. d6 cxd6 10. exd6 Nf6 11. Nb5 Bxd6 12. Nxd6+ Kf8 13. Bc4 Qe7+ 14. Kf1 b6
15. Qd4 h5 16. Bd2 Ng4 17. Re1 Qf6 18. Re8# 1-0

[Event "?"]
[Site "ICC 2 12 11/29/97, Internet C"]
[Date "1997.??.??"]
[Round "?"]
[White "Brause"]
[Black "reg"]
[Result "1-0"]
[WhiteElo "2515"]
[BlackElo "1930"]
[PlyCount "44"]

1. Nc3 Nf6 2. e4 e5 3. Nf3 Nc6 4. Nxe5 Nxe5 5. d4 Nc6 6. d5 Ne5 7. f4 Ng6 8. e5
Bb4 9. exf6 Bxc3+ 10. bxc3 Qxf6 11. Qd4 Qh4+ 12. g3 Qe7+ 13. Kf2 O-O 14. h4 d6
15. h5 Ne5 16. fxe5 dxe5 17. Qb4 Qf6+ 18. Kg2 a5 19. Qc4 Qd6 20. h6 g6 21. Be3
Rd8 22. Rd1 Bg4 1-0

[Event "?"]
[Site "ICC 2 12 11/29/97, Internet C"]
[Date "1997.??.??"]
[Round "?"]
[White "Brause"]
[Black "reg"]
[Result "1-0"]
[WhiteElo "2515"]
[BlackElo "1930"]
[PlyCount "22"]

1. Nc3 Nf6 2. e4 e5 3. Nf3 Nc6 4. Nxe5 Nxe5 5. d4 Nc6 6. d5 Nb8 7. e5 Ng8 8. d6
cxd6 9. exd6 Qf6 10. Nb5 Bxd6 11. Nxd6+ Kd8 1-0

[Event "?"]
[Site "ICC 2 12 11/29/97, Internet C"]
[Date "1997.??.??"]
[Round "?"]
[White "Brause"]
[Black "reg"]
[Result "1-0"]
[WhiteElo "2515"]
[BlackElo "1930"]
[PlyCount "53"]

1. Nc3 Nf6 2. e4 e5 3. Nf3 Nc6 4. Nxe5 Nxe5 5. d4 Nc6 6. d5 Ne5 7. f4 Ng6 8. e5
Ng8 9. d6 f6 10. Nb5 cxd6 11. exd6 Qa5+ 12. Bd2 Qa4 13. Nc7+ Kd8 14. Nxa8 Bxd6
15. c4 Qc6 16. f5 Qe4+ 17. Qe2 Qxf5 18. O-O-O Be5 19. Qe3 b6 20. Qa3 N8e7 21.
Qxa7 Nf4 22. Nxb6 Nd3+ 23. Bxd3 Qxd3 24. Bh6 Qe2 25. Rxd7+ Ke8 26. Rxe7+ Kf8
27. Bxg7+ 1-0

[Event "?"]
[Site "ICC 2 12 11/29/97, Internet C"]
[Date "1997.??.??"]
[Round "?"]
[White "Brause"]
[Black "reg"]
[Result "0-1"]
[WhiteElo "2515"]
[BlackElo "1925"]
[PlyCount "137"]

1. Nc3 Nf6 2. e4 e5 3. Nf3 Nc6 4. Nxe5 Nxe5 5. d4 Ng6 6. e5 Ng8 7. Bc4 d6 8.
Qf3 Be6 9. Qxb7 N8e7 10. Nb5 Rc8 11. Bxe6 fxe6 12. exd6 cxd6 13. Qxa7 Qd7 14.
Qxd7+ Kxd7 15. c3 d5 16. O-O Nf5 17. Re1 Nd6 18. Na3 Be7 19. Nc2 Rhf8 20. a4
Rc7 21. Re2 Ra8 22. Ra2 Rca7 23. b3 Ne4 24. Re3 Bg5 25. Rxe4 Bxc1 26. Rg4 Rc7
27. h4 Kd6 28. Na3 Bxa3 29. Rxa3 Rf7 30. a5 Ne7 31. Rg3 Nf5 32. Rh3 h5 33. b4
Kc6 34. Rf3 Kb5 35. Kf1 Nd6 36. Rxf7 Nxf7 37. Ke2 Kc4 38. Kd2 Nd6 39. f3 Nb5
40. Ra1 Ra7 41. Rc1 Rc7 42. g3 Kb3 43. Rb1+ Ka2 44. Re1 Rc6 45. Re3 Kb2 46. g4
Nxc3 47. gxh5 Nb5 48. Rd3 Rc3 49. Rxc3 Nxc3 50. Ke3 Nb5 51. Kd3 Kb3 52. Ke3
Kxb4 53. a6 Ka5 54. a7 Nxa7 55. Kd2 Kb4 56. Kd3 Nc6 57. f4 Ne7 58. Ke3 Kc4 59.
Kf3 Kxd4 60. Kf2 Ke4 61. Kg3 d4 62. Kf2 Kxf4 63. Ke2 Ke4 64. Kd1 Kd3 65. h6
gxh6 66. Kc1 Ke2 67. Kb2 d3 68. Kc3 Nf5 69. h5 0-1

[Event "?"]
[Site "ICC 2 12 11/29/97, Internet C"]
[Date "1997.??.??"]
[Round "?"]
[White "Brause"]
[Black "reg"]
[Result "1-0"]
[WhiteElo "2485"]
[BlackElo "1945"]
[PlyCount "77"]

1. Nc3 Nf6 2. e4 e5 3. Nf3 Nc6 4. Nxe5 Nxe5 5. d4 Ng6 6. e5 Ng8 7. Bc4 d6 8.
Qf3 Be6 9. Qxb7 Bxc4 10. Qc6+ Ke7 11. exd6+ cxd6 12. Qxc4 Nf6 13. O-O d5 14.
Re1+ Kd7 15. Nxd5 Nxd5 16. Qxd5+ Kc7 17. Qc4+ Kb7 18. Qxf7+ Qc7 19. Qd5+ Qc6
20. Qf7+ Qc7 21. Qxc7+ Kxc7 22. Bd2 a5 23. c4 Bb4 24. Bxb4 axb4 25. g3 Rhe8 26.
Rxe8 Rxe8 27. Kf1 Kc6 28. a4 bxa3 29. Rxa3 Rb8 30. b3 Ne7 31. Ke2 Nf5 32. Kd3
Nd6 33. Ra6+ Kc7 34. Ra7+ Rb7 35. Rxb7+ Nxb7 36. b4 Kd6 37. Ke4 Nd8 38. d5 Nf7
39. c5+ 1-0

[Event "?"]
[Site "ICC 2 12 11/29/97, Internet C"]
[Date "1997.??.??"]
[Round "?"]
[White "Brause"]
[Black "reg"]
[Result "1-0"]
[WhiteElo "2485"]
[BlackElo "1945"]
[PlyCount "56"]

1. Nc3 Nf6 2. e4 e5 3. Nf3 Nc6 4. Nxe5 Nxe5 5. d4 Ng6 6. e5 Ng8 7. Bc4 d6 8.
Qf3 f6 9. O-O dxe5 10. dxe5 Nxe5 11. Qe4 Ne7 12. Rd1 Bd7 13. Be6 c6 14. Bf4
Bxe6 15. Rxd8+ Rxd8 16. Bxe5 fxe5 17. Qxe5 Bd5 18. Qc7 b5 19. Nxd5 Rxd5 20. Re1
Kf7 21. Qxa7 h5 22. Qe3 Rh6 23. c4 bxc4 24. Qf4+ Rf6 25. Qxc4 Rfd6 26. h4 Kg6
27. Qf4 Kh7 28. Qxf8 Nf5 1-0

[Event "?"]
[Site "ICC 2 12 11/29/97, Internet C"]
[Date "1997.??.??"]
[Round "?"]
[White "Brause"]
[Black "reg"]
[Result "1-0"]
[WhiteElo "2485"]
[BlackElo "1945"]
[PlyCount "57"]

1. Nc3 Nf6 2. e4 e5 3. Nf3 Nc6 4. Nxe5 Nxe5 5. d4 Ng6 6. e5 Ng8 7. Bc4 d6 8.
Qf3 f6 9. O-O dxe5 10. dxe5 Nxe5 11. Qe4 Ne7 12. Rd1 Bd7 13. Be6 Bxe6 14. Rxd8+
Rxd8 15. Qxb7 N7c6 16. f4 Rb8 17. Qxc7 Rc8 18. Qb7 Rb8 19. Qc7 Rc8 20. Qb7 Bc5+
21. Kf1 Bc4+ 22. Ke1 O-O 23. fxe5 Rfe8 24. Ne4 Bb6 25. Nd6 Rxe5+ 26. Be3 Rxe3+
27. Kd2 Rd8 28. Qxc6 Bb5 29. Qd5+ 1-0

[Event "?"]
[Site "ICC 2 12 11/29/97, Internet C"]
[Date "1997.??.??"]
[Round "?"]
[White "Brause"]
[Black "reg"]
[Result "1-0"]
[WhiteElo "2490"]
[BlackElo "1940"]
[PlyCount "47"]

1. Nc3 Nf6 2. e4 e5 3. Nf3 Nc6 4. Nxe5 Nxe5 5. d4 Ng6 6. e5 Ng8 7. Bc4 d6 8.
Qf3 f6 9. O-O dxe5 10. dxe5 Nxe5 11. Qe4 Ne7 12. Rd1 Bd7 13. Be6 Bxe6 14. Rxd8+
Rxd8 15. Qxb7 N7c6 16. Qxc7 Rc8 17. Qb7 Rb8 18. Qa6 Bc5 19. Nd1 Bc4 20. Qa4 O-O
21. c3 Rfd8 22. Be3 Bxe3 23. Nxe3 Bb5 24. Qa3 1-0

[Event "?"]
[Site "ICC 2 12 11/29/97, Internet C"]
[Date "1997.??.??"]
[Round "?"]
[White "Brause"]
[Black "reg"]
[Result "0-1"]
[WhiteElo "2490"]
[BlackElo "1940"]
[PlyCount "105"]

1. Nc3 Nf6 2. e4 e5 3. Nf3 Nc6 4. Nxe5 Nxe5 5. d4 Ng6 6. e5 Ng8 7. Bc4 d6 8.
Qf3 f6 9. O-O dxe5 10. dxe5 Nxe5 11. Qe4 Ne7 12. Rd1 Bd7 13. Be6 Bxe6 14. Rxd8+
Rxd8 15. Qxb7 N7c6 16. Qxc7 Rc8 17. Qb7 Rb8 18. Qa6 Bc4 19. Qa4 Rb4 20. Qa3 Rb6
21. Qa4 Ra6 22. b3 Rxa4 23. Nxa4 Bf7 24. f4 Nd7 25. Be3 Bb4 26. c3 Ba5 27. Rd1
Bb6 28. Bf2 Bxf2+ 29. Kxf2 Ndb8 30. Nc5 O-O 31. Rd6 Rd8 32. Nb7 Rxd6 33. Nxd6
g6 34. f5 g5 35. c4 Kf8 36. g4 Ke7 37. Nxf7 Kxf7 38. Ke3 Ke7 39. h3 Kd6 40. Ke2
Ke5 41. Ke3 Na6 42. Ke2 Ke4 43. Kd2 Kf3 44. a3 Kg3 45. b4 Ne5 46. b5 Nc5 47.
Kc3 Kxh3 48. Kd4 Ned7 49. Ke3 Kxg4 50. a4 h5 51. a5 h4 52. Kf2 h3 53. Kg1 0-1

[Event "?"]
[Site "ICC 2 12 11/29/97, Internet C"]
[Date "1997.??.??"]
[Round "?"]
[White "Brause"]
[Black "reg"]
[Result "1/2-1/2"]
[WhiteElo "2460"]
[BlackElo "1970"]
[PlyCount "40"]

1. Nc3 Nf6 2. e4 e5 3. Nf3 Nc6 4. Nxe5 Nxe5 5. d4 Ng6 6. e5 Ng8 7. Bc4 d6 8.
Qf3 f6 9. O-O dxe5 10. dxe5 Nxe5 11. Qe4 Ne7 12. Rd1 Bd7 13. Be6 Bxe6 14. Rxd8+
Rxd8 15. Qxb7 N7c6 16. Qxc7 Rc8 17. Qb7 Rb8 18. Qc7 Rc8 19. Qb7 Rb8 20. Qc7 Rc8
1/2-1/2

[Event "?"]
[Site "ICC 2 12 11/29/97, Internet C"]
[Date "1997.??.??"]
[Round "?"]
[White "Brause"]
[Black "reg"]
[Result "1/2-1/2"]
[WhiteElo "2445"]
[BlackElo "1985"]
[PlyCount "41"]

1. Nc3 Nf6 2. e4 e5 3. Nf3 Nc6 4. Nxe5 Nxe5 5. d4 Ng6 6. e5 Ng8 7. Bc4 d6 8.
Qf3 f6 9. O-O dxe5 10. dxe5 Nxe5 11. Qe4 Ne7 12. Rd1 Bd7 13. Be6 Bxe6 14. Rxd8+
Rxd8 15. Qxb7 N7c6 16. Bf4 Rb8 17. Qxc7 Rc8 18. Qb7 Rb8 19. Qc7 Rc8 20. Qb7 Rb8
21. Qc7 1/2-1/2

[Event "?"]
[Site "ICC 2 12 11/29/97, Internet C"]
[Date "1997.??.??"]
[Round "?"]
[White "Brause"]
[Black "drstrangemove"]
[Result "1-0"]
[WhiteElo "2510"]
[BlackElo "1975"]
[PlyCount "68"]

1. Nc3 Nf6 2. e4 e5 3. Nf3 Nc6 4. Nxe5 Nxe5 5. d4 Ng6 6. e5 Ng8 7. Bc4 c6 8.
Qf3 d5 9. exd6 Be6 10. Bxe6 fxe6 11. Ne4 Nf6 12. Qb3 Nxe4 13. Qxe6+ Be7 14.
Qxe4 Qxd6 15. a3 O-O 16. Be3 Rae8 17. Qg4 Bf6 18. O-O-O Ne7 19. Rd3 Nd5 20. h4
Nxe3 21. fxe3 Qd5 22. Rb3 b6 23. h5 Re4 24. Qg3 Rfe8 25. Kb1 Bg5 26. h6 g6 27.
c4 Qf5 28. Ka2 Rxe3 29. Qc7 Qf7 30. Qxc6 Rxb3 31. Kxb3 Qf8 32. Qd5+ Kh8 33.
Qxg5 Re2 34. Rf1 Qe8 1-0

[Event "?"]
[Site "ICC 2 12 11/29/97, Internet C"]
[Date "1997.??.??"]
[Round "?"]
[White "Brause"]
[Black "drstrangemove"]
[Result "1/2-1/2"]
[WhiteElo "2515"]
[BlackElo "1975"]
[PlyCount "143"]

1. Nc3 Nf6 2. e4 e5 3. Nf3 Nc6 4. Nxe5 Nxe5 5. d4 Ng6 6. e5 Ng8 7. Bc4 c6 8.
Qf3 d5 9. exd6 Be6 10. Bxe6 fxe6 11. Ne4 Nf6 12. Qb3 Nxe4 13. Qxe6+ Be7 14.
Qxe4 Qxd6 15. a3 O-O 16. Be3 Rae8 17. Qg4 Bf6 18. O-O-O Qd5 19. c3 Re4 20. Qh3
Nf4 21. Bxf4 Rxf4 22. f3 c5 23. dxc5 Qxc5 24. Qe6+ Kh8 25. Kb1 Rc4 26. Rd7 Bxc3
27. bxc3 Rxc3 28. Rxb7 Qxa3 29. Re1 Qa4 30. Qa2 Qxa2+ 31. Kxa2 Rc2+ 32. Rb2
Rxb2+ 33. Kxb2 Kg8 34. Re7 Ra8 35. h4 h5 36. Ka3 Kh7 37. Ka4 Kg6 38. Ka5 Kf6
39. Rd7 g6 40. Rd6+ Kf5 41. Ka6 Rb8 42. Rd4 Rb2 43. g4+ hxg4 44. fxg4+ Ke5 45.
Ra4 Re2 46. g5 Kf5 47. Kxa7 Rb2 48. Rd4 Ke5 49. Rc4 Kf5 50. Ka6 Ke5 51. Ka5 Kf5
52. Rd4 Ke5 53. Rd7 Rh2 54. Rh7 Kf5 55. Rh6 Rb2 56. Ka4 Rb1 57. Ka3 Rb8 58. Rh7
Rb6 59. Rh8 Kg4 60. Ka2 Kf5 61. Rh7 Kg4 62. Rh6 Kf5 63. Rh8 Kg4 64. Rh7 Kf5 65.
Ka3 Kg4 66. Ka4 Rb1 67. Rg7 Kxh4 68. Rxg6 Rg1 69. Kb4 Rxg5 70. Rf6 Kg4 71. Kc4
Rf5 72. Rg6+ 1/2-1/2

[Event "?"]
[Site "ICC 2 19 11/16/97, Internet C"]
[Date "1997.??.??"]
[Round "?"]
[White "Brause"]
[Black "oldtimer"]
[Result "1-0"]
[WhiteElo "2475"]
[BlackElo "2395"]
[PlyCount "42"]

1. e4 e5 2. Nf3 Nc6 3. Nc3 Nf6 4. Nxe5 Nxe5 5. d4 Ng6 6. e5 Ng8 7. Bc4 d6 8.
Qf3 Qd7 9. O-O dxe5 10. dxe5 c6 11. Re1 Qf5 12. e6 Qxf3 13. exf7+ Kd8 14. Re8+
Kd7 15. Be6+ Kc7 16. fxg8=Q Rxg8 17. gxf3 Bxe6 18. Rxa8 Bc8 19. Rxa7 Bd6 20.
Ne4 Bf5 21. Rxb7+ Kxb7 1-0